Hot Interconnects 9 : 22-24 August 2001, Stanford University, Stanford, CA USA /

Guardat en:
Dades bibliogràfiques
Autor corporatiu: Hot Interconnects ( Stanford, EUA)
Format: Actes de congresos Llibre
Idioma:anglès
Publicat: Los Alamitos, EUA : IEEE Computer Society, 2001, c2001
Matèries:
Etiquetes: Afegir etiqueta
Sense etiquetes, Sigues el primer a etiquetar aquest registre!

MARC

LEADER 00000nam^a2200000^a^4500
001 000152019
005 20250521000000.0
009 20260310100231.332
020 |a 0-7695-1357-3 
037 |a Acervo ITESO - Biblioteca 
041 |a ING 
082 |a 621. 38217  |b HOT 2001 
111 |a Hot Interconnects (  |n 9o :  |d 2001 :  |c Stanford, EUA) 
245 1 0 |a Hot Interconnects 9 :  |b 22-24 August 2001, Stanford University, Stanford, CA USA / 
264 4 |a Los Alamitos, EUA :  |b IEEE Computer Society,  |c 2001, c2001 
300 |a XII, 165 p. 
336 |a texto  |b txt  |2 rdacontenido 
337 |a sin mediación  |b n  |2 rdamedio 
338 |a volumen  |b nc  |2 rdasoporte 
649 |a XX 
650 |a Redes de Computadoras -  |x Congresos 
650 |a Sistemas de Información 
650 |a Memorias (Ingeniería Computacional) 
650 |a Protocolos de Comunicación -  |x Evaluación 
650 |a Interruptores Eléctricos 
650 |a Ingeniería Computacional 
910 |a Fondo General 
920 |a Impresos - Libros 
930 |a Colección General 
905 |a 101 
901 |a 0500082820  |b IT1  |c ACC  |u 20250521 
902 |a https://opac.biblio.iteso.mx/vufind/Record/000152019